Contrato Colectivo de Trabajo, 2000-2002

Đã lưu trong:
Chi tiết về thư mục
Tác giả của công ty: Universidad Católica de Valparaíso (Tác giả)
Định dạng: Sách
Ngôn ngữ:Tiếng Tây Ban Nha
Được phát hành: Valparaíso Universidad Católica de Valparaíso 2000
Phiên bản:1a. ed
Những chủ đề:
Các nhãn: Thêm thẻ
Không có thẻ, Là người đầu tiên thẻ bản ghi này!

MARC

LEADER 00000cam a2200000 a 4500
001 UCJ7893
003 CL-VaPUC
008 070124e20001101CL |||||||||||||||||spa|d
082 0 4 |a 378  |b UNI  |2 21 
110 2 |a Universidad Católica de Valparaíso  |e author  |9 516369 
245 1 0 |a Contrato Colectivo de Trabajo, 2000-2002 
250 |a 1a. ed 
300 |a 38 p 
942 |c BK 
945 |d 20070124 00:00:00  |a rinostro 
260 |a Valparaíso  |b Universidad Católica de Valparaíso  |c 2000 
650 0 |a Sindicatos  |9 255034 
650 0 |a Archivo histórico PUCV  |9 255554 
650 7 |a CONTRATOS COLECTIVOS  |2 CL-VaPUC  |9 388427 
650 7 |a PERSONAL UCV 2000  |2 CL-VaPUC  |9 516370 
583 |a last modification  |c 20130423 05:08:43  |k Rodrigo Vera 
999 |c 323757  |d 323755 
952 |0 0  |1 0  |4 0  |6 378_000000000000000_UNI_2000  |7 0  |8 X  |9 403542  |a FDOBUD  |b FDOBUD  |d 2019-11-22  |i 1070037  |o 378 UNI 2000  |p 1070037  |r 2019-11-22  |w 2019-11-22  |y BK_X  |k FHP 
952 |0 0  |1 0  |4 0  |6 378_000000000000000_UNI_2000  |7 0  |8 X  |9 403543  |a FDOBUD  |b FDOBUD  |d 2019-11-22  |i 496800K  |o 378 UNI 2000  |p 496800K  |r 2019-11-22  |w 2019-11-22  |y BK_X  |k FHP